Central Library OPAC University of Rajshahi

A dictionary of physics / (Record no. 29199)

MARC details
000 -LEADER
fixed length control field 00915nam a2200313 a 4500
001 - CONTROL NUMBER
control field 29199
003 - CONTROL NUMBER IDENTIFIER
rucl marc code BD-RjUL
005 - DATE AND TIME OF LATEST TRANSACTION
control field 20211209051402.0
008 - FIXED-LENGTH DATA ELEMENTS--GENERAL INFORMATION
fixed length control field 140402s2009 enka d 000 0 eng
020 ## - INTERNATIONAL STANDARD BOOK NUMBER
International Standard Book Number 9780199233991 (pbk.)
035 ## - SYSTEM CONTROL NUMBER
System control number (BD-RjUL)29284
040 ## - CATALOGING SOURCE
Original cataloging agency DLC
Transcribing agency DLC
Modifying agency DLC
-- BD-RjUL
Language of cataloging eng
041 ## - LANGUAGE CODE
Language code of text/sound track or separate title eng
082 00 - DEWEY DECIMAL CLASSIFICATION NUMBER
Classification number R 530.03
Edition number 22
Author mark and year DIC 2009
245 02 - TITLE STATEMENT
Title A dictionary of physics /
Statement of responsibility, etc. Oxford University.
246 30 - VARYING FORM OF TITLE
Title proper/short title Physics
Title proper/short title Oxford dictionary of physics
250 ## - EDITION STATEMENT
Edition statement 6th ed.
260 ## - PUBLICATION, DISTRIBUTION, ETC. (IMPRINT)
Place of publication, distribution, etc. Oxford ;
-- New York :
Name of publisher, distributor, etc. Oxford University Press,
Date of publication, distribution, etc. c2009.
300 ## - PHYSICAL DESCRIPTION
Pagination 616 p. :
Illustrations ill. ;
Size 20 cm.
490 ## - SERIES STATEMENT
Series statement Oxford Paperback Reference
500 ## - GENERAL NOTE
General note Edited by John Daintith.
650 #0 - SUBJECT ADDED ENTRY--TOPICAL TERM
Topical term or geographic name as entry element Physics
Form subdivision Dictionaries.
9 (RLIN) 26474
700 1# - ADDED ENTRY--PERSONAL NAME
Personal name Daintith, John.
830 ## - SERIES ADDED ENTRY--UNIFORM TITLE
Uniform title Oxford Paperback Reference
942 ## - ADDED ENTRY ELEMENTS (KOHA)
Source of classification or shelving scheme Dewey Decimal Classification
Koha item type Reference
Holdings
Lost status Source of classification or shelving scheme Damaged status Not for loan Collection code Permanent Location Current Location Shelving location Date acquired Source of acquisition Cost, normal purchase price Total Checkouts Full call number Date last seen Copy number Koha item type
  Dewey Decimal Classification   Added to bundle Reference Central Library, University of Rajshahi Central Library, University of Rajshahi   29/03/2014 Dhaka, Trim Education. 418.00   R 530.03 DIC 2009 02/04/2014 C-1 Reference